000 00576nam a2200193Ia 4500
003 GCL
008 140319s9999 xx 000 0 eng d
040 _aGCL /
_cGCL
082 0 4 _a327.7306
_bS U
100 1 _aSCHRAEDER, PETER
245 1 0 _aUNITED STATES FOREIGN POLICY TOWARD AFRICA: INCREMENTALISM CRISIS AND CHANGE /
_cSCHRAEDER, PETER
260 _a[S.N] :
_bCAMBRIDGE UNIVERSITY PRESS ،
_c1995
300 _a347 P
490 _aCAMBRIDGE STUDIES IN PHILOSOPHY
_v0
650 0 4 _aUNITED STATES
650 0 4 _aAFRICA
650 0 4 _aFOREIGN RELATIONS
942 _2ddc
_cBK
999 _c25015
_d25015